Cadernos de Temuco (Registo nº 5930)
[ vista simples ]
| 000 -Etiqueta do registo | |
|---|---|
| Valores | 00759nam a2200253 4500 |
| 010 ## - Número ISBN | |
| ISBN | 9726108195 |
| 021 ## - Número do Depósito Legal | |
| Número | 211690/04 |
| 100 ## - Dados gerais de processamento | |
| Dados gerais | 20211231d2004 m y0pory5003 ba |
| 200 1# - Titulo e menção de responsabilidade | |
| Título próprio | Cadernos de Temuco |
| Informação de outro título | 1919-1920 |
| Primeira menção de responsabilidade | Pablo Neruda |
| Outras menções de responsabilidade | prol. Victor Farías ; trad. Albano Martins |
| 210 #9 - Publicação | |
| Local de publicação | Porto |
| Nome do editor | Campo das Letras |
| Data de publicação | 2004 |
| 215 ## - Descrição física | |
| Paginação / Volumes | 251 p. |
| 225 2# - Colecção | |
| Título próprio da colecção | Campo da poesia |
| Indicação de volume | 65 |
| 304 ## - Nota relativa ao título | |
| Texto de nota | Tít. orig.: Cuadernos de Temuco |
| 606 ## - Nome comum usado como assunto | |
| ID Autoridade | 13 |
| Palavra de ordem | Literatura Estrangeira |
| 606 ## - Nome comum usado como assunto | |
| ID Autoridade | 93 |
| Palavra de ordem | Poesia |
| 675 ## - CDU | |
| Notação | 821.1/.8 |
| Edição | BN |
| Língua | por |
| 700 ## - Autor principal (pessoa individual) | |
| Apelido | Neruda |
| Nome | Pablo |
| Datas | 1904-1973 |
| ID Autoridade | 4163 |
| 702 ## - Autor secundário (pessoa individual) | |
| Apelido | Martins |
| Nome | Albano |
| Datas | 1930-2018 |
| ID Autoridade | 907 |
| 702 ## - Autor secundário (pessoa individual) | |
| Apelido | Farias |
| Nome | Victor |
| ID Autoridade | 5616 |
| 801 ## - Fonte de origem | |
| País | PT |
| Agência | BMVN |
| Regras de catalogação | RPC |
| 830 ## - Notas gerais do catalogador | |
| Criado por | Tânia Croca |
| Data de criação | 31/12/2021 |
| 990 ## - Elementos KOHA | |
| Tipo de documento | Livro |
| Situação do levantamento | Biblioteca de origem | Código de barras | Cota | Permissão de empréstimo | Tipo de documento | Forma de aquisição |
|---|---|---|---|---|---|---|
| Biblioteca Municipal de Vendas Novas | 100000032580 | LE NER/CAD | Livro |